000 00787nam a2200241 a 4500
001 BRL_191
005 20190320210628.0
008 990413s1998 mx-a#####c---#000-0#spa-#
041 _aspaeng
044 _amx
050 4 _aND195
_b.C56 1997
245 1 0 _aCinco continentes y una ciudad
_bSalón Internacional de Pintura.
260 _aCiudad de México
_bGobierno del Distrito Federal : Museo de la Ciudad de México
_cc1998
300 _a360 p.
_bil. (algunas a color)
_c28 cm.
500 _aIncluye índice de pinturas
500 _aCatálogo de la exposición...?
500 _aAu240
546 _aTexto en: español e inglés
650 1 4 _aPintura moderna
_vExposiciones
_ySiglo XX
_923182
710 2 _aMuseo de la Ciudad de México
_923183
902 _aGRL
942 _2lcc
_cB
999 _c9004
_d9004